| 000 | 00815nam a2200253Ia 4500 | ||
|---|---|---|---|
| 008 | |||
| 020 | _a0412582902 (pbk.) | ||
| 049 | _aMAIN | ||
| 090 |
_aTJ163.12 _bMEC |
||
| 245 | 0 | 0 |
_aMechatronics : _belectronics in products and processes / _cD. A. Bradley... [et al.] |
| 260 |
_aLondon : _bChapman and Hall, _c1993. |
||
| 300 |
_axviii, 510 p. : _bill. ; _c24 cm. |
||
| 650 | 0 | _aCAD/CAM systems. | |
| 650 | 0 |
_aManufacturing processes _xData processing. |
|
| 650 | 0 |
_aDesign, Industrial _xData processing. |
|
| 653 |
_aGoods _aDesign _aUse of _aComputers |
||
| 653 | 0 |
_aGoods _aDesign _aUse of _aComputers |
|
| 700 | 1 | _aBradley, D.A. | |
| 907 |
_a.b10029813 _b13-02-13 _c17-04-03 |
||
| 003 | |||
| 005 | 20230123133635.0 | ||
| 040 | _cNUST | ||
| 942 |
_cBOOKS _kTJ163.12 _mMEC |
||
| 999 |
_c152095 _d152095 |
||